[Event "BL 8889 Lasker-Koblenz"]
[Site "?"]
[Date "1989.??.??"]
[Round "?.4"]
[White "Muse, M."]
[Black "Wolf, V."]
[Result "1/2-1/2"]
[WhiteElo "2380"]
[BlackElo "2330"]
[PlyCount "84"]
[EventDate "1989.??.??"]

1. d4 e6 2. c4 Nf6 3. Nc3 Bb4 4. f3 c5 5. d5 d6 6. e4 exd5 7. cxd5 Nbd7 8. Bd3
O-O 9. Nge2 Ne5 10. Bc2 a6 11. O-O b5 12. f4 Ng6 13. h3 Re8 14. Ng3 Ba5 15. f5
Bxc3 16. bxc3 Nf8 17. Bg5 h6 18. Bf4 Qb6 19. Qd2 Kh7 20. Rae1 N8d7 21. Nh1 Ne5
22. g4 Bd7 23. g5 hxg5 24. Bxg5 Rh8 25. Qg2 Nh5 26. Bd1 Kg8 27. Bxh5 Rxh5 28.
Kh2 Kf8 29. Re3 f6 30. Bf4 Be8 31. Rg3 Ra7 32. Rg1 Rh7 33. Nf2 Bh5 34. Bxe5
dxe5 35. Nd3 Qd6 36. Qb2 Be8 37. Qa3 Rc7 38. Qa5 Rh4 39. Rg4 Rh7 40. R1g2 Bh5
41. R4g3 Be8 42. Rb2 Rh4 1/2-1/2

[Event "BL 8889 Lasker-Koblenz"]
[Site "?"]
[Date "1989.??.??"]
[Round "?.5"]
[White "Bayer, E."]
[Black "Junge, R."]
[Result "1-0"]
[WhiteElo "2370"]
[BlackElo "2370"]
[PlyCount "23"]
[EventDate "1989.??.??"]

1. Nf3 Nf6 2. g3 b6 3. d4 e6 4. Bg2 Bb7 5. O-O Be7 6. c4 O-O 7. Nc3 Ne4 8. Qc2
Nxc3 9. Qxc3 d6 10. Qd3 c5 11. Ng5 Bxg5 12. Bxb7 1-0

[Event "BL 8889 Lasker-Koblenz"]
[Site "?"]
[Date "1989.??.??"]
[Round "?.6"]
[White "Simon, R."]
[Black "Seul, G."]
[Result "0-1"]
[WhiteElo "2285"]
[BlackElo "2315"]
[PlyCount "68"]
[EventDate "1989.??.??"]

1. Nf3 d6 2. d4 Bg4 3. e3 Nf6 4. Be2 g6 5. h3 Bxf3 6. Bxf3 c6 7. O-O Bg7 8. g3
O-O 9. Qe2 Nbd7 10. Rd1 d5 11. Bg2 Qb6 12. c4 dxc4 13. Na3 e5 14. Nxc4 Qa6 15.
Qc2 exd4 16. Rd3 Nc5 17. Rxd4 Nd5 18. Bxd5 Bxd4 19. Bxf7+ Rxf7 20. exd4 Ne6 21.
Be3 Rd8 22. Ne5 Re7 23. Qb3 Qb5 24. Qa3 Ree8 25. Rd1 Nxd4 26. Rxd4 Qxe5 27.
Qb3+ Rd5 28. Ra4 a6 29. Qxb7 Rd1+ 30. Kh2 Qd5 31. g4 Rh1+ 32. Kg3 Rxe3+ 33.
fxe3 Rg1+ 34. Kh4 Qh5+ 0-1

[Event "BL 8889 Lasker-Koblenz"]
[Site "?"]
[Date "1989.??.??"]
[Round "?.7"]
[White "Hess, R."]
[Black "Breutigam, M."]
[Result "1/2-1/2"]
[WhiteElo "2330"]
[BlackElo "2300"]
[PlyCount "49"]
[EventDate "1989.??.??"]

1. d4 d5 2. c4 e6 3. Nc3 c5 4. cxd5 exd5 5. Nf3 Nc6 6. g3 Nf6 7. Bg2 Be7 8. O-O
O-O 9. b3 Ne4 10. Bb2 Bf6 11. Na4 Re8 12. Rc1 cxd4 13. Nxd4 Bxd4 14. Bxd4 Bf5
15. e3 Qd7 16. Bb2 Rad8 17. Nc5 Nxc5 18. Rxc5 Be4 19. Qd2 Qe6 20. Rd1 Bxg2 21.
Kxg2 Qe4+ 22. Kg1 d4 23. Bxd4 Ne5 24. Qc2 Qg4 25. h3 1/2-1/2

[Event "BL 8889 Lasker-Koblenz"]
[Site "?"]
[Date "1989.??.??"]
[Round "?.8"]
[White "Busch, K."]
[Black "Schlick, V."]
[Result "1-0"]
[WhiteElo "2340"]
[BlackElo "2290"]
[PlyCount "81"]
[EventDate "1989.??.??"]

1. Nf3 c5 2. c4 g6 3. d4 cxd4 4. Nxd4 Nf6 5. g3 Nc6 6. Bg2 Bg7 7. Nc3 O-O 8.
O-O Qb6 9. Nc2 d6 10. b3 Be6 11. e4 Bg4 12. Qe1 Nb4 13. Nxb4 Qxb4 14. Bd2 Qc5
15. h3 Bd7 16. Rc1 Qh5 17. Qd1 Qxd1 18. Rfxd1 Rab8 19. c5 dxc5 20. e5 Nh5 21.
Be3 Be6 22. g4 Bxe5 23. gxh5 b6 24. hxg6 hxg6 25. Nd5 Bd6 26. Re1 Rfd8 27. Rcd1
Kg7 28. Bf4 Rbc8 29. Bxd6 exd6 30. Bf1 g5 31. Re3 Rh8 32. Rg3 Kh6 33. Nc3 Rhd8
34. Bc4 d5 35. Bxd5 Bxd5 36. Rxd5 Rxd5 37. Nxd5 Rd8 38. Nc3 Rd2 39. Rxg5 a6 40.
Rd5 Rc2 41. Na4 1-0

[Event "BL 8889 Kreuzberg-Heidelberg"]
[Site "?"]
[Date "1989.??.??"]
[Round "?.1"]
[White "Steinbacher, M."]
[Black "Conquest, S."]
[Result "0-1"]
[WhiteElo "2340"]
[BlackElo "2490"]
[PlyCount "82"]
[EventDate "1989.??.??"]

1. d4 Nf6 2. c4 e6 3. Nf3 b6 4. e3 Bb7 5. Bd3 Be7 6. O-O O-O 7. Nc3 d5 8. Qe2
Nbd7 9. Rd1 c5 10. cxd5 exd5 11. b3 a6 12. Bb2 Re8 13. Rac1 Bd6 14. Qf1 Qe7 15.
Ne2 Ne4 16. Ng3 Nxg3 17. hxg3 Nf6 18. dxc5 bxc5 19. b4 c4 20. Bc2 Bxb4 21. Bxf6
Qxf6 22. Rb1 Qe7 23. Nd4 g6 24. Ba4 Rec8 25. Qe2 Rc7 26. Qg4 h5 27. Qf3 Rf8 28.
g4 h4 29. g5 Kg7 30. Qf6+ Kg8 31. Qf4 Bc5 32. Qxh4 Bc8 33. Bc2 Rb7 34. g3 Rxb1
35. Bxb1 Qe5 36. Kg2 Re8 37. Nf3 Qb2 38. Rh1 Bb7 39. Bxg6 fxg6 40. Qh7+ Kf8 41.
Qxb7 Qxb7 0-1

[Event "BL 8889 Kreuzberg-Heidelberg"]
[Site "?"]
[Date "1989.??.??"]
[Round "?.2"]
[White "Levitt, J."]
[Black "Ostl, A."]
[Result "0-1"]
[WhiteElo "2485"]
[BlackElo "2260"]
[PlyCount "73"]
[EventDate "1989.??.??"]

1. d4 Nf6 2. c4 c6 3. Nc3 d5 4. Nf3 dxc4 5. a4 Bf5 6. e3 e6 7. Bxc4 Bb4 8. O-O
O-O 9. Nh4 Bg6 10. Nxg6 hxg6 11. Qc2 Nbd7 12. Rd1 Qc7 13. g3 a5 14. Bf1 e5 15.
Bg2 exd4 16. Nb5 Qe5 17. Nxd4 Rfe8 18. b3 Nc5 19. Bb2 Qe7 20. Rac1 Rad8 21. Kh1
Rd6 22. Nf3 Rxd1+ 23. Qxd1 Nce4 24. Qe2 Ng4 25. Rf1 Ngxf2+ 26. Rxf2 Nxf2+ 27.
Qxf2 Qxe3 28. Qc2 Rd8 29. h4 Qd3 30. Qf2 Qxb3 31. Kh2 Qa2 32. h5 gxh5 33. Qb6
Re8 34. Qd4 Bf8 35. Bf1 Qd5 36. Qf4 Re4 37. Qc1 0-1

[Event "BL 8889 Kreuzberg-Heidelberg"]
[Site "?"]
[Date "1989.??.??"]
[Round "?.3"]
[White "Cicak, S."]
[Black "Loeffler, S."]
[Result "1-0"]
[WhiteElo "2345"]
[BlackElo "2375"]
[PlyCount "63"]
[EventDate "1989.??.??"]

1. e4 c5 2. Nf3 e6 3. c4 Nc6 4. Nc3 Nf6 5. d4 cxd4 6. Nxd4 Bb4 7. Nxc6 bxc6 8.
Bd2 e5 9. Qc2 O-O 10. O-O-O Rb8 11. a3 Bc5 12. f3 d5 13. exd5 cxd5 14. Bg5 Qa5
15. Na4 Bf5 16. Bd3 e4 17. fxe4 dxc4 18. exf5 cxd3 19. Rxd3 Ne4 20. Nxc5 Qxc5
21. Qxc5 Nxc5 22. Re3 Rfc8 23. Kb1 Na4 24. b3 f6 25. Bf4 Rb5 26. g4 Nc3+ 27.
Kb2 Na4+ 28. Ka1 Rc2 29. Re8+ Kf7 30. Rhe1 Rb7 31. bxa4 Rc3 32. Bd6 1-0

[Event "BL 8889 Kreuzberg-Heidelberg"]
[Site "?"]
[Date "1989.??.??"]
[Round "?.4"]
[White "Glienke, M."]
[Black "Zuse, P."]
[Result "0-1"]
[WhiteElo "2295"]
[BlackElo "2295"]
[PlyCount "72"]
[EventDate "1989.??.??"]

1. d4 g6 2. Nf3 Bg7 3. Bf4 d6 4. h3 Nd7 5. e3 e5 6. Bh2 Ne7 7. Bc4 O-O 8. Bb3
b6 9. O-O Bb7 10. c3 Nf5 11. dxe5 dxe5 12. Na3 Qe7 13. Bd5 c6 14. Bc4 Rfd8 15.
Qc2 b5 16. Be2 a6 17. Rad1 c5 18. Nb1 e4 19. Nfd2 c4 20. b3 cxb3 21. Nxb3 Rac8
22. Nd4 Nxd4 23. exd4 Nb6 24. Qd2 h5 25. Bf4 Rd7 26. Rfe1 b4 27. Bg5 bxc3 28.
Nxc3 Qa3 29. Nb1 Qa4 30. Rc1 Rxc1 31. Rxc1 Bxd4 32. Qf4 Qxa2 33. Nd2 e3 34.
fxe3 Qxd2 35. exd4 Qxe2 36. d5 Bxd5 0-1

[Event "BL 8889 Kreuzberg-Heidelberg"]
[Site "?"]
[Date "1989.??.??"]
[Round "?.5"]
[White "Neunhoeffer, H."]
[Black "Lehmann, K."]
[Result "1/2-1/2"]
[WhiteElo "2270"]
[BlackElo "2325"]
[PlyCount "160"]
[EventDate "1989.??.??"]

1. d4 Nf6 2. Nf3 e6 3. Bg5 Be7 4. Nbd2 c5 5. c3 cxd4 6. cxd4 d5 7. e3 O-O 8.
Bd3 b6 9. O-O Bb7 10. Qb1 h6 11. Bh4 Nc6 12. a3 Rc8 13. Rc1 Nh5 14. Bxe7 Qxe7
15. b4 Rc7 16. Qb2 Rfc8 17. Rc2 Nf6 18. Rac1 Ne8 19. Nb3 Nd6 20. b5 Nd8 21. Ne5
f6 22. Ng6 Qd7 23. Rxc7 Rxc7 24. Rxc7 Qxc7 25. Qc1 Qxc1+ 26. Nxc1 Kf7 27. Nh8+
Ke7 28. Ng6+ Kd7 29. Na2 Nc4 30. a4 Kd6 31. Kf1 e5 32. Nh4 Bc8 33. Ke2 g5 34.
Nf5+ Bxf5 35. Bxf5 Nb2 36. Nc3 Ne6 37. Bxe6 Kxe6 38. Kd2 e4 39. Na2 Kd6 40. Nb4
Nc4+ 41. Kc3 h5 42. g3 g4 43. Kc2 f5 44. Kc3 f4 45. gxf4 Nxe3 46. Nc6 Nf1 47.
Nxa7 Nxh2 48. Nc8+ Kc7 49. f5 e3 50. fxe3 g3 51. f6 g2 52. f7 g1=Q 53. f8=Q
Qxe3+ 54. Kc2 Qe2+ 55. Kc1 Qc4+ 56. Kb1 Qb3+ 57. Kc1 Qc3+ 58. Kb1 Qe1+ 59. Kc2
Qe2+ 60. Kc1 Qe3+ 61. Kc2 Nf3 62. Qd6+ Kxc8 63. Qc6+ Kd8 64. Qxb6+ Ke7 65. Qc5+
Kf6 66. Qd6+ Kg5 67. Qxd5+ Kh4 68. Qc4 Kg3 69. b6 Nxd4+ 70. Kb1 Qe4+ 71. Ka2
Qg2+ 72. Ka3 Qf3+ 73. Ka2 Qf2+ 74. Kb1 Qe1+ 75. Ka2 Qd2+ 76. Ka3 Nc2+ 77. Kb3
Na1+ 78. Ka3 Nc2+ 79. Kb3 Na1+ 80. Ka3 Nc2+ 1/2-1/2

[Event "BL 8889 Kreuzberg-Heidelberg"]
[Site "?"]
[Date "1989.??.??"]
[Round "?.6"]
[White "Federau, J."]
[Black "Nonnenmacher, E."]
[Result "1-0"]
[WhiteElo "2300"]
[BlackElo "2320"]
[PlyCount "81"]
[EventDate "1989.??.??"]

1. d4 Nf6 2. Nf3 e6 3. e3 b6 4. Bd3 Bb7 5. O-O d5 6. b3 Nbd7 7. Bb2 Be7 8. c4
O-O 9. Nc3 c5 10. Qe2 Rc8 11. Rfd1 Qc7 12. Rac1 Rfd8 13. cxd5 exd5 14. dxc5
bxc5 15. e4 d4 16. Nb1 Qb8 17. Nbd2 Re8 18. Re1 Bf8 19. Qd1 a5 20. Qc2 g6 21.
Re2 Ng4 22. Nc4 Qc7 23. h3 Nge5 24. Nfxe5 Nxe5 25. Nxe5 Qxe5 26. Rf1 Qc7 27.
Bc1 f6 28. Bd2 Bc6 29. a4 Kh8 30. Rfe1 Ra8 31. Bc4 Bd6 32. Qc1 Re7 33. Kh1 Rae8
34. Qc2 Qb7 35. f3 Bg3 36. Rf1 f5 37. Bg5 fxe4 38. Bxe7 Rxe7 39. fxe4 Bxe4 40.
Qd2 Qc8 41. Qh6 1-0

[Event "BL 8889 Kreuzberg-Heidelberg"]
[Site "?"]
[Date "1989.??.??"]
[Round "?.7"]
[White "Grathwohl, R."]
[Black "Tyrtania, M."]
[Result "1/2-1/2"]
[WhiteElo "2310"]
[BlackElo "2300"]
[PlyCount "28"]
[EventDate "1989.??.??"]

1. Nf3 Nf6 2. b3 d5 3. Bb2 Bf5 4. g3 e6 5. Bg2 Be7 6. d3 h6 7. c4 O-O 8. O-O
Bh7 9. Nbd2 Nc6 10. a3 a5 11. Qc2 d4 12. Ne4 Ne8 13. c5 e5 14. Ned2 Nf6 1/2-1/2

[Event "BL 8889 Kreuzberg-Heidelberg"]
[Site "?"]
[Date "1989.??.??"]
[Round "?.8"]
[White "Konieczka, F."]
[Black "Neurohr, S."]
[Result "0-1"]
[WhiteElo "2225"]
[BlackElo "2305"]
[PlyCount "124"]
[EventDate "1989.??.??"]

1. e4 c5 2. Nf3 d6 3. c3 Nf6 4. Bb5+ Bd7 5. Qe2 Bxb5 6. Qxb5+ Qd7 7. Qe2 Nc6 8.
O-O e6 9. d4 cxd4 10. cxd4 d5 11. e5 Ne4 12. Be3 Be7 13. Ne1 f6 14. f3 Ng5 15.
Nd3 O-O 16. Nd2 Nf7 17. f4 f5 18. Rfc1 Rac8 19. Nc5 Bxc5 20. Rxc5 b6 21. Rcc1
Rc7 22. a3 Rfc8 23. Nb3 Nb8 24. Rxc7 Rxc7 25. Rc1 Rxc1+ 26. Nxc1 Qa4 27. Qd3
Nc6 28. h3 Nfd8 29. Ne2 Na5 30. Nc3 Qc4 31. Qxc4 Nxc4 32. Bc1 Nc6 33. Ne2 N6a5
34. b4 Nb3 35. a4 a5 36. bxa5 bxa5 37. Kf2 Nb6 38. Ke3 Nxa4 39. Ba3 Nb6 40. Kd3
Nc4 41. Kc3 Nbd2 42. Bc1 Ne4+ 43. Kb3 Kf7 44. Ka4 Ke7 45. Ba3+ Kd7 46. Bf8 g6
47. Kb5 Nf2 48. h4 Nd3 49. g3 Nf2 50. Nc3 Ne4 51. Na4 Ke8 52. Bh6 Kf7 53. Kc6
Nxg3 54. Nc5 Ne2 55. Nb7 Nxd4+ 56. Kd7 a4 57. Nd8+ Kg8 58. Ke8 a3 59. Nf7 a2
60. Bf8 h5 61. Nh6+ Kh7 62. Kf7 a1=Q 0-1

[Event "BL 8889 Koblenz-Kreuzberg"]
[Site "?"]
[Date "1989.??.??"]
[Round "?.1"]
[White "Conquest, S."]
[Black "Garcia Palermo, C."]
[Result "1-0"]
[WhiteElo "2490"]
[BlackElo "2455"]
[PlyCount "69"]
[EventDate "1989.??.??"]

1. e4 e5 2. Bc4 Nc6 3. Nf3 Nf6 4. d3 Be7 5. O-O O-O 6. Bb3 d6 7. c3 Na5 8. Bc2
c5 9. a4 Nc6 10. Nbd2 Qc7 11. Nc4 h6 12. Ne3 Be6 13. Bb3 Rad8 14. Nh4 Rfe8 15.
Nef5 Bxb3 16. Qxb3 d5 17. Qc2 Bf8 18. Qe2 c4 19. exd5 cxd3 20. Qxd3 Nxd5 21.
Qe4 Nf4 22. g3 Nd3 23. Be3 Kh8 24. b4 g5 25. Nxh6 Bxh6 26. Nf5 Bg7 27. Bxg5 f6
28. Qh4+ Kg8 29. Nxg7 fxg5 30. Nxe8 Qe7 31. Qc4+ Kf8 32. Rad1 e4 33. f3 Nb2 34.
fxe4+ Kxe8 35. Qg8+ 1-0

[Event "BL 8889 Koblenz-Kreuzberg"]
[Site "?"]
[Date "1989.??.??"]
[Round "?.2"]
[White "Braga, F."]
[Black "Levitt, J."]
[Result "1-0"]
[WhiteElo "2430"]
[BlackElo "2485"]
[PlyCount "63"]
[EventDate "1989.??.??"]

1. e4 e6 2. d4 d5 3. Nc3 Bb4 4. exd5 exd5 5. Bd3 Nc6 6. a3 Bxc3+ 7. bxc3 Be6 8.
Rb1 Na5 9. Nf3 Ne7 10. Ng5 Qd7 11. O-O Bf5 12. Qh5 Bg6 13. Bxg6 fxg6 14. Qe2
O-O 15. Qe6+ Qxe6 16. Nxe6 Rfc8 17. Bf4 c6 18. Rfe1 Nf5 19. Nc7 Rab8 20. g4 Nh6
21. Re7 b6 22. h3 Nf7 23. Rbe1 h6 24. R1e6 g5 25. Bg3 Rd8 26. h4 gxh4 27. Bxh4
Rd6 28. Re2 Rc8 29. Bg3 Rg6 30. Rd7 Rxg4 31. Ree7 Nh8 32. Ne6 1-0

[Event "BL 8889 Koblenz-Kreuzberg"]
[Site "?"]
[Date "1989.??.??"]
[Round "?.3"]
[White "Loeffler, S."]
[Black "Doncevic, D."]
[Result "0-1"]
[WhiteElo "2375"]
[BlackElo "2370"]
[PlyCount "73"]
[EventDate "1989.??.??"]

1. d4 Nf6 2. c4 g6 3. Nf3 Bg7 4. g3 O-O 5. Bg2 d5 6. cxd5 Nxd5 7. O-O c6 8. Re1
Bg4 9. Ne5 Be6 10. e4 Nc7 11. f4 Nd7 12. Nc3 Nxe5 13. dxe5 f6 14. exf6 exf6 15.
Be3 Qe7 16. Qc2 Rfd8 17. a4 Na6 18. Qf2 Bf8 19. f5 Bf7 20. Bxa7 Nc5 21. Bxc5
Qxc5 22. fxg6 hxg6 23. Rad1 Bb3 24. Rxd8 Rxd8 25. Bf3 Qe5 26. Kg2 Bc5 27. Qe2
Qg5 28. h4 Qe5 29. a5 Rd4 30. Qe3 Rb4 31. Qh6 Bf7 32. Re2 Bd6 33. Qf4 Qxf4 34.
gxf4 Bxf4 35. Kh3 Rd4 36. Rg2 Be6+ 37. Rg4 0-1

[Event "BL 8889 Koblenz-Kreuzberg"]
[Site "?"]
[Date "1989.??.??"]
[Round "?.4"]
[White "Wolf, V."]
[Black "Glienke, M."]
[Result "1-0"]
[WhiteElo "2330"]
[BlackElo "2295"]
[PlyCount "77"]
[EventDate "1989.??.??"]

1. e4 c5 2. Nf3 d6 3. d4 cxd4 4. Nxd4 Nf6 5. Nc3 g6 6. Be3 Bg7 7. h3 O-O 8. Bc4
Nc6 9. O-O Bd7 10. Re1 Rc8 11. Bb3 Na5 12. Qd3 a6 13. Rad1 h6 14. f4 Nxb3 15.
axb3 e6 16. Nf3 Bc6 17. Bd4 d5 18. e5 Ne4 19. Qe3 Nxc3 20. bxc3 Re8 21. Rd2 Bd7
22. g4 Bf8 23. Rg2 Qa5 24. b4 Qa3 25. h4 a5 26. h5 axb4 27. hxg6 fxg6 28. Qd3
Rxc3 29. Bxc3 Qxc3 30. Qxg6+ Bg7 31. f5 Re7 32. f6 Be8 33. Qd3 Qxd3 34. cxd3
Rf7 35. Nd4 Bd7 36. fxg7 Rf4 37. Ne2 Rf3 38. Rg3 Rf7 39. Rb1 1-0

[Event "BL 8889 Koblenz-Kreuzberg"]
[Site "?"]
[Date "1989.??.??"]
[Round "?.5"]
[White "Lehmann, K."]
[Black "Seul, G."]
[Result "1/2-1/2"]
[WhiteElo "2325"]
[BlackElo "2315"]
[PlyCount "68"]
[EventDate "1989.??.??"]

1. e4 Nc6 2. Nf3 d6 3. d4 Nf6 4. Nc3 Bg4 5. Be3 e5 6. dxe5 dxe5 7. Bb5 Qxd1+ 8.
Rxd1 Bd7 9. Bxc6 Bxc6 10. Nxe5 Bxe4 11. Nxe4 Nxe4 12. O-O f6 13. Nc4 Nd6 14.
Na5 O-O-O 15. Rd3 Re8 16. b3 Re5 17. Bd2 Ne4 18. Nc4 Re8 19. Be3 Bc5 20. Rfd1
Rd8 21. f3 Bxe3+ 22. Nxe3 Rxd3 23. Rxd3 Nd6 24. Kf2 Re8 25. Nd5 Nf7 26. Nf4 Re5
27. Re3 g6 28. Rd3 c6 29. Ne2 Kc7 30. Ng3 Nd6 31. Rd4 Rc5 32. Rd2 Re5 33. Rd4
Rc5 34. Rd2 Re5 1/2-1/2

[Event "BL 8889 Koblenz-Kreuzberg"]
[Site "?"]
[Date "1989.??.??"]
[Round "?.6"]
[White "Hess, R."]
[Black "Federau, J."]
[Result "0-1"]
[WhiteElo "2330"]
[BlackElo "2300"]
[PlyCount "79"]
[EventDate "1989.??.??"]

1. c4 e6 2. e4 d5 3. exd5 exd5 4. d4 Nf6 5. Nf3 Bb4+ 6. Nc3 O-O 7. Be2 Be6 8.
Ng5 Bf5 9. O-O Re8 10. Bf3 Bxc3 11. bxc3 h6 12. Nh3 Nbd7 13. cxd5 Nb6 14. Nf4
Nfxd5 15. Nxd5 Nxd5 16. c4 Nb4 17. Bb2 Bd3 18. Qb3 Bxf1 19. Rxf1 Nc6 20. d5 Ne5
21. Be2 Qd6 22. Qc3 f6 23. Ba3 Qd7 24. Bd1 b5 25. cxb5 Qxb5 26. Bc2 Qc4 27. Qd2
Qg4 28. Bd1 Qh4 29. Bb3 Nc4 30. Qb4 Re4 31. d6 cxd6 32. g3 Qh3 33. Bxc4+ Kh8
34. Qb7 Rae8 35. Bd3 Re1 36. Bb4 R1e5 37. Qg2 Qg4 38. Bxd6 Re1 39. Bf4 Qd1 40.
Bb5 {ZÜ} 0-1

[Event "BL 8889 Koblenz-Kreuzberg"]
[Site "?"]
[Date "1989.??.??"]
[Round "?.7"]
[White "Tyrtania, M."]
[Black "Weidemann, J."]
[Result "0-1"]
[WhiteElo "2300"]
[BlackElo "2325"]
[PlyCount "164"]
[EventDate "1989.??.??"]

1. d4 d6 2. e4 g6 3. c4 Bg7 4. Nc3 Nf6 5. Nge2 O-O 6. Ng3 e5 7. d5 c6 8. Be2 a6
9. O-O b5 10. cxb5 axb5 11. dxc6 Nxc6 12. Bxb5 Nd4 13. Bc4 Qc7 14. b3 Ba6 15.
Bxa6 Qxc3 16. Bd2 Qb2 17. Bc4 Rxa2 18. Bc3 Rxa1 19. Qxa1 Qxa1 20. Rxa1 h5 21.
f3 h4 22. Ne2 d5 23. Bxd4 exd4 24. exd5 Rd8 25. Ra5 d3 26. Bxd3 Nxd5 27. Be4
Nc7 28. Ra7 Rd1+ 29. Kf2 Be5 30. f4 Bd6 31. Ra5 Bb4 32. Ra2 Bc5+ 33. Kf3 f5 34.
Nc3 Rf1+ 35. Ke2 Rf2+ 36. Kd3 Rxf4 37. Bc6 Kg7 38. Ra4 Rf2 39. Rxh4 Ne6 40. Kc4
Be7 41. Rh3 Rf4+ 42. Kd3 Nc5+ 43. Ke2 Nxb3 44. Nb5 Rb4 45. Kd1 Na5 46. Be8 Rb2
47. Rg3 Kf8 48. Bd7 Nc4 49. Bc6 Ne5 50. Nd4 Bb4 51. Kc1 Rd2 52. Nc2 Ba5 53. Bb7
Rd7 54. Ba6 Bd2+ 55. Kb2 Bf4 56. Rb3 Rd6 57. Bf1 Bxh2 58. Re3 Bf4 59. Ra3 Rd2
60. g3 Bg5 61. Bb5 Kg7 62. Kb1 Kh6 63. Ne3 Bxe3 64. Rxe3 Ng4 65. Ra3 Nf6 66.
Bc6 Rd1+ 67. Kc2 Rg1 68. Kd2 Nh5 69. Ke2 Rxg3 70. Rxg3 Nxg3+ 71. Kf3 Nh5 72.
Bb7 g5 73. Bc6 g4+ 74. Kf2 Kg5 75. Bd5 Nf6 76. Bb7 Kf4 77. Bc6 Ne4+ 78. Kg2 Nf6
79. Kf2 Kg5 80. Kg3 f4+ 81. Kg2 Kh4 82. Bb7 Nh7 0-1

[Event "BL 8889 Koblenz-Kreuzberg"]
[Site "?"]
[Date "1989.??.??"]
[Round "?.8"]
[White "Morawietz, D."]
[Black "Konieczka, F."]
[Result "0-1"]
[WhiteElo "2280"]
[BlackElo "2225"]
[PlyCount "78"]
[EventDate "1989.??.??"]

1. e4 c5 2. Nf3 g6 3. d4 cxd4 4. Nxd4 Bg7 5. Be2 Nc6 6. Nb3 Nf6 7. Nc3 d6 8.
O-O O-O 9. Bg5 Be6 10. Kh1 Rc8 11. f4 Qd7 12. Bd3 Nb4 13. f5 Bc4 14. Bxc4 Rxc4
15. Qe2 Rcc8 16. Rad1 Qc7 17. a3 Na6 18. Nd2 Qc6 19. Rf3 Nc7 20. Nb3 a6 21. Qe1
h6 22. Bc1 Nb5 23. fxg6 fxg6 24. Nxb5 axb5 25. Nd4 Qc4 26. b3 Qf7 27. e5 dxe5
28. Qxe5 Ng4 29. Qg3 Nf6 30. Re1 Nh5 31. Qf2 Qd5 32. Ne6 Rxf3 33. gxf3 Bf6 34.
Bxh6 Rc6 35. Nf4 Nxf4 36. Bxf4 Rc3 37. Kg2 g5 38. Bg3 g4 39. Re4 gxf3+ 0-1

[Event "BL 8889 Heidelberg-Lasker"]
[Site "?"]
[Date "1989.??.??"]
[Round "?.1"]
[White "Brunner, L."]
[Black "Steinbacher, M."]
[Result "1-0"]
[WhiteElo "2425"]
[BlackElo "2340"]
[PlyCount "69"]
[EventDate "1989.??.??"]

1. e4 c5 2. Nf3 d6 3. d4 cxd4 4. Nxd4 Nf6 5. Nc3 a6 6. Be2 e6 7. O-O Be7 8. f4
O-O 9. a4 Qc7 10. Kh1 Nc6 11. Be3 Re8 12. Nf3 Rd8 13. Qe1 d5 14. e5 Ne4 15. Bd3
Nb4 16. Nxe4 Nxd3 17. Nf6+ Bxf6 18. cxd3 Be7 19. Rc1 Qd7 20. Qa5 d4 21. Bxd4
Qe8 22. Bc5 Rd5 23. b3 Bd7 24. d4 Rc8 25. Qb4 Bxc5 26. dxc5 Bc6 27. Nd2 Rcd8
28. Nc4 Rd4 29. Qe1 R8d5 30. Nd6 Qd8 31. b4 Qd7 32. b5 axb5 33. axb5 Bxb5 34.
Qa5 Ba6 35. c6 1-0

[Event "BL 8889 Heidelberg-Lasker"]
[Site "?"]
[Date "1989.??.??"]
[Round "?.2"]
[White "Ostl, A."]
[Black "Berg, K."]
[Result "1/2-1/2"]
[WhiteElo "2260"]
[BlackElo "2385"]
[PlyCount "79"]
[EventDate "1989.??.??"]

1. Nf3 Nf6 2. c4 g6 3. b3 Bg7 4. Bb2 O-O 5. g3 d6 6. Bg2 e5 7. O-O e4 8. Ne1
Re8 9. Nc2 h5 10. Bxf6 Bxf6 11. Nc3 Bxc3 12. dxc3 Nd7 13. Ne3 Nf6 14. Qd4 Qe7
15. Rad1 Bd7 16. Rfe1 Bc6 17. f3 exf3 18. exf3 Nd7 19. f4 Qf6 20. Qd2 Nb6 21.
Bh3 Re4 22. Nc2 Rae8 23. Nd4 Rxe1+ 24. Rxe1 Rxe1+ 25. Qxe1 Kf8 26. Qe3 Qe7 27.
Kf2 Qxe3+ 28. Kxe3 Ke7 29. Bf1 Bd7 30. Bg2 c6 31. Be4 f5 32. Bf3 Kf6 33. Kd3
Be8 34. Nc2 Nd7 35. b4 Bf7 36. Ne3 Ke7 37. a3 Be6 38. Kd4 c5+ 39. Kd3 b6 40. h4
1/2-1/2

[Event "BL 8889 Heidelberg-Lasker"]
[Site "?"]
[Date "1989.??.??"]
[Round "?.3"]
[White "Fries Nielsen, J."]
[Black "Cicak, S."]
[Result "1-0"]
[WhiteElo "2385"]
[BlackElo "2345"]
[PlyCount "107"]
[EventDate "1989.??.??"]

1. Nf3 c5 2. g3 b6 3. Bg2 Bb7 4. O-O g6 5. d3 Bg7 6. e4 Nf6 7. Nc3 O-O 8. Nh4
d5 9. e5 Ne8 10. Bf4 e6 11. Qd2 Nd7 12. Rfe1 Nc7 13. Nf3 b5 14. h4 b4 15. Ne2
d4 16. Nc1 a5 17. h5 Bd5 18. Bh6 Ra6 19. Bxg7 Kxg7 20. h6+ Kg8 21. Ng5 Bxg2 22.
Kxg2 Qa8+ 23. Kg1 Qd5 24. Qf4 Ne8 25. Nb3 f6 26. Ne4 g5 27. Qf3 a4 28. Nbd2
Qxe5 29. Nc4 Qd5 30. Qg4 Kh8 31. Ned2 Rg8 32. a3 Rg6 33. axb4 Rxh6 34. Qf3 Qxf3
35. Nxf3 cxb4 36. Nxd4 Nc7 37. c3 Nc5 38. cxb4 Nxd3 39. b5 Ra8 40. b6 Nxe1 41.
Rxe1 Nd5 42. b7 Rb8 43. Nd6 f5 44. Nc6 Rxb7 45. Nxb7 e5 46. Nbd8 Kg7 47. Rxe5
Rd6 48. Rxf5 h6 49. Rf7+ Kg6 50. Ne5+ Kh5 51. Rh7 g4 52. Ndf7 Re6 53. Rg7 Nf6
54. Rg6 1-0

[Event "BL 8889 Heidelberg-Lasker"]
[Site "?"]
[Date "1989.??.??"]
[Round "?.4"]
[White "Zuse, P."]
[Black "Muse, M."]
[Result "0-1"]
[WhiteElo "2295"]
[BlackElo "2380"]
[PlyCount "50"]
[EventDate "1989.??.??"]

1. e4 c5 2. Nf3 Nc6 3. d4 cxd4 4. Nxd4 Nf6 5. Nc3 e5 6. Ndb5 d6 7. Bg5 a6 8.
Na3 b5 9. Nd5 Be7 10. Bxf6 Bxf6 11. c3 Bb7 12. Nc2 Ne7 13. Nxf6+ gxf6 14. Qd3
d5 15. exd5 Qxd5 16. Ne3 Qe6 17. Be2 Rd8 18. Qc2 f5 19. f3 f4 20. Nf1 e4 21.
Nd2 Nf5 22. Nxe4 Ne3 23. Qb1 Nxg2+ 24. Kf2 Rg8 25. Rd1 Qb6+ 0-1

[Event "BL 8889 Heidelberg-Lasker"]
[Site "?"]
[Date "1989.??.??"]
[Round "?.5"]
[White "Junge, R."]
[Black "Neunhoeffer, H."]
[Result "1-0"]
[WhiteElo "2370"]
[BlackElo "2270"]
[PlyCount "85"]
[EventDate "1989.??.??"]

1. e4 e5 2. Nf3 Nc6 3. Bb5 Nf6 4. O-O d6 5. Re1 Bd7 6. c3 a6 7. Ba4 Be7 8. h3
O-O 9. d4 Be8 10. Nbd2 Nd7 11. Nf1 Kh8 12. Ne3 g6 13. Bc2 f6 14. a3 Bf7 15. d5
Ncb8 16. b4 Rg8 17. Bb2 Nf8 18. c4 g5 19. Nh2 Ng6 20. g3 Bf8 21. Rc1 Nd7 22.
Bd3 a5 23. Be2 axb4 24. axb4 c5 25. b5 Ne7 26. Bg4 Bg6 27. Be6 Bxe4 28. Neg4 f5
29. Bxd7 fxg4 30. Be6 Bg6 31. Qxg4 Ra2 32. Re2 Bg7 33. Bxe5 h5 34. Bxg7+ Rxg7
35. Qf3 Rxe2 36. Qxe2 Qa5 37. Nf3 Qa3 38. Re1 Bd3 39. Qe3 Qb3 40. Nxg5 Bxc4 41.
Nf7+ Rxf7 42. Qh6+ Kg8 43. Bxf7+ 1-0

[Event "BL 8889 München 36-Bamberg"]
[Site "?"]
[Date "1989.??.??"]
[Round "?.1"]
[White "Pfleger, He"]
[Black "Smejkal, J."]
[Result "1-0"]
[WhiteElo "2490"]
[BlackElo "2515"]
[PlyCount "33"]
[EventDate "1989.??.??"]

1. Nf3 Nf6 2. g3 c5 3. c4 Nc6 4. Bg2 g6 5. O-O Bg7 6. d4 O-O 7. Nc3 cxd4 8.
Nxd4 Ng4 9. e3 d6 10. b3 Nxd4 11. exd4 Nh6 12. Bb2 Nf5 13. Ne2 Rb8 14. a4 e6
15. b4 b6 16. Qb3 Ba6 17. b5 1-0

[Event "BL 8889 München 36-Bamberg"]
[Site "?"]
[Date "1989.??.??"]
[Round "?.2"]
[White "Nikolac, J."]
[Black "Goehring, K."]
[Result "1-0"]
[WhiteElo "2495"]
[BlackElo "2335"]
[PlyCount "93"]
[EventDate "1989.??.??"]

1. c4 Nf6 2. Nc3 e6 3. d4 d5 4. Bg5 Be7 5. e3 O-O 6. Qc2 Nbd7 7. cxd5 exd5 8.
Bd3 Re8 9. Nge2 c6 10. O-O-O Nf8 11. Kb1 Ne4 12. Bxe7 Qxe7 13. Bxe4 dxe4 14.
Ng3 f5 15. d5 Ng6 16. Qb3 Qf7 17. dxc6 Qxb3 18. axb3 bxc6 19. Na4 Rb8 20. Nc5
Ne5 21. Rd2 Kf7 22. Rc1 Be6 23. Rc3 g6 24. Ne2 Red8 25. Rxd8 Rxd8 26. Nd4 Bd5
27. h3 Rf8 28. Kc1 Kf6 29. Kd2 g5 30. Rc1 Re8 31. Ra1 Re7 32. Ra6 h5 33. b4
Nc4+ 34. Kc3 Nb6 35. b5 cxb5 36. b3 Ke5 37. Nxb5 Nc8 38. Rg6 Bf7 39. Rh6 Nb6
40. Nd4 Rc7 41. Nc6+ Kd5 42. Nb4+ Ke5 43. Nba6 Rc8 44. Kb2 Rd8 45. Nb4 Rc8 46.
Nc6+ Kd5 47. Na6 1-0